00698cam a22002297a 4500003000500000005001700005008004100022010000900063011000900072035000900081040000900090082002100099245006800120250001000188260009800198300001000296490003900306650004100345700002300386700002000409830003900429CHAP20220817040913.0971013s1987 r 00010 d a2437 a3409 a2609 cCHAP a026.025bI5 1987 0aInternational directory of forestry & forest products libraries a2 ed. aBerkeley, Ca. :bForest Service. Pacific Southwest Forest and Range Experiment Station,c1987 a106 p 0aGeneral Technical Reportv; PSW 9714aBibliotecas forestalesxDirectorios.0 aArizmendi, Mark A.0 aEvans, Peter A.0 aGeneral Technical Reportv; PSW 97